Consorcio de Infraestructura Sanitaria del Litoral de la provincia de Barcelona / Confederación Hidrográfica del Pirineo Oriental, Diputación Provincial de Barcelona
Descripción Física:
[1] plegat en 3 parts : fot., mapa ; 30 cm
MARC
| LEADER | 00000nam a2200000Ia 4500 | ||
|---|---|---|---|
| 001 | 19152 | ||
| 008 | 160829s1976 xx 000 0 cat d | ||
| 080 | |a FU-2-76 | ||
| 100 | |a Confederación Hidrográfica del Pirineo Oriental |9 45253 | ||
| 245 | |a Consorcio de Infraestructura Sanitaria del Litoral de la provincia de Barcelona / Confederación Hidrográfica del Pirineo Oriental, Diputación Provincial de Barcelona | ||
| 260 | |a Madrid : |b MOP, Secretaria General Técnica, |c 1976 | ||
| 300 | |a [1] plegat en 3 parts : |b fot., mapa ; |c 30 cm | ||
| 650 | |a Infraestructura (Economia) |x Barcelona (Província) |9 45254 | ||
| 650 | 0 | |a Aigües residuals |x Depuració |z Barcelona (Província) |9 20730 | |
| 710 | 1 | |a Barcelona (Catalunya : Província). |b Diputació |9 52408 | |
| 901 | |a Arxiu | ||
| 942 | |n 1 | ||
| 952 | |0 0 |1 0 |4 0 |6 FU276 |7 1 |9 52480 |a Arxiu |b Arxiu |d 2016-12-01 |l 0 |o FU-2-76 |p 19152 |r 2016-12-01 00:00:00 |w 2016-12-01 |y ARXIU | ||
| 999 | |c 56328 |d 56328 | ||